KVANTOVAJA TEORIJA MAGNETIZMA /

Saved in:
Bibliographic Details
Main Author: White, Robert M.
Other Authors: Romanov, L. P., Borovik, A. S. (Editor)
Format: Book
Language:Russian
Published: Moskva : Mir, 1985
Online Access: Get full text
Tags: Add Tag
No Tags, Be the first to tag this record!

MARC

LEADER 00000nam a2200000 4500
003 SK-BrCVT
005 20220618200926.0
008 860101s1985 rur e ||||||rus d
035 |a CVTIDW0927025 
040 |b slo  |a CVTI SR 
041 0 |a rus 
044 |a rur 
080 |a 530.145:537.61  |2 UDC-MRF 
100 1 |a White, Robert M. 
242 1 0 |a KVANTOVÁ TEÓRIA MAGNETIZMU 
245 1 0 |a KVANTOVAJA TEORIJA MAGNETIZMA /  |c Robert M. White, L. P. Romanov ; Red.: A. S. Borovik 
260 |a Moskva :  |b Mir,  |c 1985 
300 |a 303 S. :  |b grafy, lit., obr., tab. ; 
700 1 |a Romanov, L. P. 
700 1 |a Borovik, A. S.  |4 edt 
910 |b A453040 
974 |f Knihy 
992 |a AMG 
999 |c 276821  |d 276821